Načítá se...
Discrete mathematics and allied topics
| Hlavní autor: | |
|---|---|
| Médium: | Printed Book |
| Jazyk: | English |
| Vydáno: |
New delhi
Taru
2004
|
| Témata: |
| LEADER | 00513nam a22001577a 4500 | ||
|---|---|---|---|
| 003 | OSt | ||
| 008 | 091210t xxu||||| |||| 00| 0 eng d | ||
| 080 | |a 519.11 |b DAS | ||
| 100 | |a Dass, B.K. ed. |9 2661 | ||
| 245 | |a Discrete mathematics and allied topics |c edited by B.K. Dass | ||
| 260 | |a New delhi |b Taru |c 2004 | ||
| 300 | |a xvi, 263p. | ||
| 653 | |a Discrete mathematics | ||
| 942 | |c BK |6 _ | ||
| 999 | |c 217786 |d 217786 | ||
| 952 | |0 0 |1 0 |4 0 |6 51911_DAS |7 0 |9 282114 |a MAT |b MAT |d 2009-12-10 |o 519.11 DAS |p MAT07021 |r 2009-12-10 |t 1 |w 2009-12-10 |y BK | ||